Modelos y moldes para fundición
Gespeichert in:
| Hauptverfasser: | , |
|---|---|
| Format: | Buch |
| Sprache: | Spanisch |
| Veröffentlicht: |
Ciudad de México
UTEHA
1966
|
| Schlagworte: | |
| Tags: |
Tag hinzufügen
Keine Tags, Fügen Sie den ersten Tag hinzu!
|
MARC
| LEADER | 00000nam a2200000 a 4500 | ||
|---|---|---|---|
| 001 | UCP2586 | ||
| 003 | CL-VaPUC | ||
| 008 | 990520e19660000MX |||||||||||||||||spa|d | ||
| 082 | 0 | 4 | |a 671.22 |b DES |2 21 |
| 100 | 0 | |a Deslandes, Fernand |e author |9 429431 | |
| 700 | 0 | |a Vandenberghe, León |e author |9 429432 | |
| 245 | 1 | 0 | |a Modelos y moldes para fundición |
| 300 | |a 343 p | ||
| 942 | |c BK | ||
| 945 | |d 19990520 00:00:00 |a cmena | ||
| 260 | |a Ciudad de México |b UTEHA |c 1966 | ||
| 650 | 7 | |a FUNDICIONES |2 CL-VaPUC |9 429413 | |
| 650 | 7 | |a PIEZAS MOLDEADAS |2 CL-VaPUC |9 429433 | |
| 650 | 0 | |a Industria metalúrgica |9 364008 | |
| 650 | 7 | |a TECNOLOGIA DE LA FUNDICION |2 CL-VaPUC |9 358670 | |
| 583 | |a last modification |c 19990520 00:00:00 |k Rodrigo Vera | ||
| 999 | |c 281100 |d 281098 | ||
| 952 | |0 0 |1 0 |4 0 |6 671_220000000000000_DES_1966 |7 0 |8 A |9 321747 |a BIBMEC |b BIBMEC |d 2019-11-20 |i 1499777 |o 671.22 DES 1966 |p 1499777 |r 2024-01-19 |w 2019-11-20 |y BK |k MEC | ||